Nahé lásky

Bibliographic Details
Main Author: Prévert, Jacques, 1900-1977 (Author)
Other Authors: Reisel, Vladimír, 1919-2007 (Translator)
Format: Book
Language:Slovak
French
PhysicalDescription:110 s. 17 cm
Published: Bratislava Slovenský spisovateľ c2001
ISBN:8022010871
Subjects:

MARC

LEADER 00000cam a2200000 a 4500
001 vtls001417555
003 SK-MaSNL
005 20260301162309.0
008 240315s2001 xo e 000 p slo
015 |a SNBA2001/10-03419 
020 |a 8022010871  |q (viaz.) 
035 |a SNK000372339 
035 |a urn:nbn:sk:snk-amjd1w 
035 |a urn:nbn:sk:snk-am002ku9 
035 |a D6B47184-7C96-4DBF-83B4-E5FB0DA5C296 
040 |a SNK  |b slo  |c SNK  |e AACR2 
041 1 |a slo  |h fre 
044 |a xo  |c SK 
080 |a 840-1  |2 1981 
100 1 |a Prévert, Jacques,  |d 1900-1977  |4 aut  |9 239527 
245 1 0 |a Nahé lásky  |c Jacques Prévert ; preložil Vladimír Reisel 
260 |a Bratislava  |b Slovenský spisovateľ  |c c2001 
300 |a 110 s.  |c 17 cm 
500 |a Rozlož. tit. strana 
655 7 |a ľúbostné básne, francúzske  |2 SNKPH  |9 526601 
700 1 |a Reisel, Vladimír,  |d 1919-2007  |4 trl  |9 108091 
919 |a 80-220-1087-1 
958 |a TL 
958 |a UP 
958 |a NS 
958 |a LX 
958 |a FR 
968 |b FR 
999 |c 812721  |d 814651 
952 |t P60, <03>, [BOOK], {603}  |a SNK  |b SNK  |y PREZ  |7 0  |p 17A0310034  |o snkSD 71698  |i snkKSP 9077/2001  |0 0  |1 0  |4 0  |d 2001-08-02  |l 0  |r 2005-01-02 00:00:00  |w 2026-02-24 
952 |t P60, <04>, [BOOK], {604}  |a SNK  |b SNK  |y VYP  |7 0  |p 17A0310035  |o snkSD 71698 D1  |i snkKSP 9078/2001  |0 0  |1 0  |4 0  |d 2001-08-02  |f 1  |l 0  |r 2005-01-02 00:00:00  |w 2026-02-24